[Event "I mi?dzynarodowy turniej szachowy"]
[Site "Jastrzebie-Zdroj"]
[Date "2018.08.18"]
[Round "2.9"]
[White "Pilch, Roman"]
[Black "Kovalenko, Yuriy"]
[Result "1-0"]
[BlackElo "1683"]
[WhiteElo "2129"]
[LiveChessVersion "1.4.8"]

1. Nf3 {[%clk 1:30:58]} c5 {[%clk 1:30:14]} 2. c4 {[%clk 1:30:51]} Nc6
{[%clk 1:30:32]} 3. Nc3 {[%clk 1:30:57]} g6 {[%clk 1:30:33]} 4. g3
{[%clk 1:30:35]} Bg7 {[%clk 1:30:50]} 5. Bg2 {[%clk 1:31:00]} Nf6
{[%clk 1:31:03]} 6. O-O {[%clk 1:28:55]} O-O {[%clk 1:31:16]} 7. d3
{[%clk 1:26:53]} d6 {[%clk 1:28:09]} 8. Bd2 {[%clk 1:27:04]} Be6 {[%clk 1:28:07]}
9. a3 {[%clk 1:27:09]} Qd7 {[%clk 1:21:41]} 10. Ng5 {[%clk 1:24:05]} Rab8
{[%clk 1:16:29]} 11. Rb1 {[%clk 1:13:58]} a6 {[%clk 1:14:28]} 12. Nxe6
{[%clk 1:09:58]} Qxe6 {[%clk 1:10:49]} 13. b4 {[%clk 1:09:57]} cxb4
{[%clk 1:07:58]} 14. axb4 {[%clk 1:10:15]} Nd7 {[%clk 0:57:50]} 15. b5
{[%clk 1:05:53]} axb5 {[%clk 0:53:59]} 16. Nxb5 {[%clk 1:04:30]} Nc5
{[%clk 0:48:48]} 17. Bc3 {[%clk 0:57:56]} Bxc3 {[%clk 0:43:37]} 18. Nxc3
{[%clk 0:58:24]} Qd7 {[%clk 0:40:37]} 19. d4 {[%clk 0:52:35]} Na6
{[%clk 0:36:33]} 20. Qa4 {[%clk 0:52:11]} Rfc8 {[%clk 0:34:28]} 21. Rb2
{[%clk 0:46:40]} Nc7 {[%clk 0:21:34]} 22. Rxb7 {[%clk 0:43:51]} Rxb7
{[%clk 0:20:42]} 23. Bxc6 {[%clk 0:44:12]} Ra7 {[%clk 0:15:06]} 24. Bxd7
{[%clk 0:44:35]} Rxa4 {[%clk 0:15:28]} 25. Nxa4 {[%clk 0:44:05]} Rb8
{[%clk 0:15:13]} 26. Nc3 {[%clk 0:42:37]} Rb4 {[%clk 0:15:12]} 27. Bb5
{[%clk 0:41:32]} Nxb5 {[%clk 0:15:15]} 28. cxb5 {[%clk 0:41:52]} Kf8
{[%clk 0:15:40]} 29. Rb1 {[%clk 0:42:02]} Rxb1+ {[%clk 0:15:55]} 30. Nxb1
{[%clk 0:42:30]} Ke8 {[%clk 0:15:33]} 31. Nc3 {[%clk 0:42:36]} Kd8
{[%clk 0:15:47]} 32. e4 {[%clk 0:42:58]} Kc7 {[%clk 0:16:15]} 33. Nd5+
{[%clk 0:43:08]} 1-0

[Event "I mi?dzynarodowy turniej szachowy"]
[Site "Jastrzebie-Zdroj"]
[Date "2018.08.18"]
[Round "2.10"]
[White "Ziebura, Paulina"]
[Black "Sieber, Martin"]
[Result "0-1"]
[BlackElo "2110"]
[WhiteElo "1676"]
[LiveChessVersion "1.4.8"]

1. c4 {[%clk 1:30:58]} g6 {[%clk 1:30:49]} 2. Nc3 {[%clk 1:31:24]} Bg7
{[%clk 1:31:12]} 3. e3 {[%clk 1:31:32]} Nf6 {[%clk 1:31:37]} 4. Nge2
{[%clk 1:31:44]} O-O {[%clk 1:31:59]} 5. g3 {[%clk 1:31:55]} d6 {[%clk 1:32:16]}
6. Bg2 {[%clk 1:32:17]} e5 {[%clk 1:32:40]} 7. O-O {[%clk 1:32:22]} Nc6
{[%clk 1:32:53]} 8. h3 {[%clk 1:32:38]} Nd7 {[%clk 1:32:13]} 9. d3
{[%clk 1:32:46]} f5 {[%clk 1:32:30]} 10. f4 {[%clk 1:32:43]} a6 {[%clk 1:31:38]}
11. Rb1 {[%clk 1:31:44]} Re8 {[%clk 1:30:31]} 12. a3 {[%clk 1:30:59]} exf4
{[%clk 1:29:45]} 13. exf4 {[%clk 1:31:04]} Nd4 {[%clk 1:29:28]} 14. Nxd4
{[%clk 1:30:52]} Bxd4+ {[%clk 1:29:53]} 15. Kh2 {[%clk 1:31:12]} Nc5
{[%clk 1:27:13]} 16. Ne2 {[%clk 1:30:48]} Bg7 {[%clk 1:23:56]} 17. b4
{[%clk 1:30:58]} Ne6 {[%clk 1:23:24]} 18. Bb2 {[%clk 1:31:04]} c6
{[%clk 1:21:31]} 19. Bxg7 {[%clk 1:31:12]} Kxg7 {[%clk 1:21:43]} 20. d4
{[%clk 1:31:02]} Bd7 {[%clk 1:21:07]} 21. c5 {[%clk 1:29:31]} dxc5
{[%clk 1:18:48]} 22. dxc5 {[%clk 1:29:54]} Qe7 {[%clk 1:18:09]} 23. Nd4
{[%clk 1:29:09]} Nc7 {[%clk 1:18:03]} 24. Re1 {[%clk 1:28:50]} Qf6
{[%clk 1:17:05]} 25. Qd2 {[%clk 1:27:22]} Rad8 {[%clk 1:16:59]} 26. Nf3
{[%clk 1:27:13]} Be6 {[%clk 1:15:58]} 27. Qb2 {[%clk 1:25:35]} Qxb2
{[%clk 1:12:48]} 28. Rxb2 {[%clk 1:26:01]} Rd3 {[%clk 1:12:59]} 29. a4
{[%clk 1:25:06]} h6 {[%clk 1:11:24]} 30. Ne5 {[%clk 1:24:38]} Ra3
{[%clk 1:11:10]} 31. b5 {[%clk 1:24:02]} axb5 {[%clk 1:10:45]} 32. axb5
{[%clk 1:24:25]} cxb5 {[%clk 1:04:46]} 33. Bxb7 {[%clk 1:23:50]} Rc3
{[%clk 1:02:12]} 34. Bc6 {[%clk 1:16:50]} Rd8 {[%clk 1:01:23]} 35. Nd7
{[%clk 1:14:14]} Bxd7 {[%clk 1:00:31]} 36. Re7+ {[%clk 1:14:38]} Kf6
{[%clk 1:00:09]} 37. Rxd7 {[%clk 1:14:56]} Rxd7 {[%clk 1:00:33]} 38. Bxd7
{[%clk 1:15:22]} Rxc5 {[%clk 1:00:57]} 39. Kg2 {[%clk 1:15:42]} Ke7
{[%clk 1:00:16]} 40. Bc8 {[%clk 1:15:33]} Kd6 {[%clk 0:59:50]} 41. Bb7
{[%clk 1:14:41]} Nd5 {[%clk 0:59:41]} 42. Kf3 {[%clk 1:10:00]} Kc7
{[%clk 0:55:13]} 43. Bxd5 {[%clk 1:08:50]} Rxd5 {[%clk 0:55:41]} 44. Ke3
{[%clk 1:09:14]} h5 {[%clk 0:54:43]} 45. h4 {[%clk 1:09:24]} Kb6 {[%clk 0:55:05]}
46. Rb3 {[%clk 1:08:13]} Rd6 {[%clk 0:55:17]} 47. Rb1 {[%clk 1:08:06]} Kc5
{[%clk 0:53:42]} 48. Rc1+ {[%clk 1:08:29]} Kd5 {[%clk 0:54:00]} 49. Rd1+
{[%clk 1:08:45]} Ke6 {[%clk 0:54:22]} 50. Rb1 {[%clk 1:09:03]} Rd5
{[%clk 0:53:03]} 51. Rc1 {[%clk 1:08:48]} Kd6 {[%clk 0:52:29]} 52. Rc2
{[%clk 1:09:02]} Rc5 {[%clk 0:52:42]} 53. Rd2+ {[%clk 1:09:26]} Kc6
{[%clk 0:52:59]} 54. Rb2 {[%clk 1:09:15]} Rc3+ {[%clk 0:53:20]} 55. Kf2
{[%clk 1:07:32]} Kc5 {[%clk 0:53:44]} 56. Rb1 {[%clk 1:07:55]} b4
{[%clk 0:54:08]} 57. Kg2 {[%clk 1:08:02]} b3 {[%clk 0:54:20]} 58. Kh3
{[%clk 1:08:06]} Kc4 {[%clk 0:54:28]} 0-1

[Event "I mi?dzynarodowy turniej szachowy"]
[Site "Jastrzebie-Zdroj"]
[Date "2018.08.18"]
[Round "2.11"]
[White "Koloczek, Maciej"]
[Black "Marcinowski, Zbigniew"]
[Result "0-1"]
[BlackElo "2058"]
[WhiteElo "1663"]
[LiveChessVersion "1.4.8"]

1. e4 {[%clk 1:30:56]} e6 {[%clk 1:30:51]} 2. b3 {[%clk 1:31:07]} d5
{[%clk 1:31:04]} 3. Bb2 {[%clk 1:31:31]} Nf6 {[%clk 1:31:05]} 4. e5
{[%clk 1:31:43]} Nfd7 {[%clk 1:31:29]} 5. Qg4 {[%clk 1:32:07]} c5
{[%clk 1:30:40]} 6. f4 {[%clk 1:32:29]} Nc6 {[%clk 1:29:49]} 7. Nf3
{[%clk 1:32:52]} Ne7 {[%clk 1:28:19]} 8. Na3 {[%clk 1:21:49]} a6 {[%clk 1:26:20]}
9. c3 {[%clk 1:21:31]} b6 {[%clk 1:21:02]} 10. Nc2 {[%clk 1:18:54]} Bb7
{[%clk 1:20:30]} 11. d4 {[%clk 1:17:56]} Qc7 {[%clk 1:20:06]} 12. Ne3
{[%clk 1:12:23]} g6 {[%clk 1:19:52]} 13. Bd3 {[%clk 1:09:01]} h6 {[%clk 1:17:57]}
14. O-O {[%clk 1:07:11]} O-O-O {[%clk 1:16:06]} 15. Rac1 {[%clk 1:03:22]} Nb8
{[%clk 1:02:52]} 16. c4 {[%clk 0:56:56]} h5 {[%clk 1:00:57]} 17. Qh3
{[%clk 0:55:49]} Nf5 {[%clk 0:55:19]} 18. Nxf5 {[%clk 0:43:49]} gxf5
{[%clk 0:55:08]} 19. cxd5 {[%clk 0:39:52]} Bxd5 {[%clk 0:54:54]} 20. Kh1
{[%clk 0:37:38]} Qb7 {[%clk 0:52:30]} 21. dxc5 {[%clk 0:25:49]} b5
{[%clk 0:50:54]} 22. Be2 {[%clk 0:21:17]} Bh6 {[%clk 0:50:05]} 23. Nd4
{[%clk 0:20:30]} Nc6 {[%clk 0:49:40]} 24. Rcd1 {[%clk 0:18:52]} Rdg8
{[%clk 0:39:05]} 25. Bf3 {[%clk 0:17:53]} Nb4 {[%clk 0:39:04]} 26. c6
{[%clk 0:16:33]} Qa7 {[%clk 0:38:55]} 27. Nxf5 {[%clk 0:14:50]} Bxf3
{[%clk 0:29:46]} 28. Nd6+ {[%clk 0:15:12]} Kb8 {[%clk 0:29:31]} 29. Qxf3
{[%clk 0:15:04]} h4 {[%clk 0:28:02]} 30. Nb7 {[%clk 0:12:26]} Nxc6
{[%clk 0:18:52]} 31. Qxc6 {[%clk 0:12:43]} Qxb7 {[%clk 0:19:13]} 32. Qxb7+
{[%clk 0:12:57]} Kxb7 {[%clk 0:19:39]} 33. Rd7+ {[%clk 0:13:21]} Kb8
{[%clk 0:18:09]} 34. Rxf7 {[%clk 0:13:37]} Rc8 {[%clk 0:18:23]} 35. Rc1
{[%clk 0:10:40]} Rhd8 {[%clk 0:15:54]} 36. Rg1 {[%clk 0:02:32]} Rd2
{[%clk 0:10:52]} 37. Bc1 {[%clk 0:02:31]} Rxa2 {[%clk 0:09:08]} 38. Rf6
{[%clk 0:01:40]} Bf8 {[%clk 0:08:59]} 39. Rxe6 {[%clk 0:01:39]} Bc5
{[%clk 0:09:15]} 40. Rd1 {[%clk 0:01:22]} Ra1 {[%clk 0:09:21]} 41. h3
{[%clk 0:01:11]} Bf2 {[%clk 0:09:20]} 42. Rg6 {[%clk 0:00:44]} Bg3
{[%clk 0:08:02]} 43. Rgd6 {[%clk 0:00:38]} Rcxc1 {[%clk 0:08:17]} 44. Rd8+
{[%clk 0:00:56]} Kb7 {[%clk 0:08:36]} 45. R8d7+ {[%clk 0:01:12]} Kb6
{[%clk 0:08:57]} 46. R7d6+ {[%clk 0:01:37]} Ka5 {[%clk 0:09:16]} 47. b4+
{[%clk 0:02:00]} Kxb4 {[%clk 0:09:34]} 48. R6d4+ {[%clk 0:02:23]} Ka5
{[%clk 0:09:55]} 0-1

[Event "I mi?dzynarodowy turniej szachowy"]
[Site "Jastrzebie-Zdroj"]
[Date "2018.08.18"]
[Round "2.12"]
[White "Durica, Adam"]
[Black "Kordela, Monika"]
[Result "1-0"]
[BlackElo "1632"]
[WhiteElo "2040"]
[LiveChessVersion "1.4.8"]

1. c4 {[%clk 1:30:57]} g6 {[%clk 1:30:54]} 2. g3 {[%clk 1:31:21]} e5
{[%clk 1:31:10]} 3. Bg2 {[%clk 1:31:42]} f5 4. Nc3 {[%clk 1:31:28]} Nf6
{[%clk 1:31:40]} 5. e3 {[%clk 1:31:19]} Bg7 {[%clk 1:31:49]} 6. d4
{[%clk 1:31:29]} e4 {[%clk 1:31:17]} 7. Nge2 {[%clk 1:31:26]} O-O
{[%clk 1:30:45]} 8. O-O {[%clk 1:31:33]} Nc6 {[%clk 1:30:14]} 9. Nf4
{[%clk 1:30:10]} g5 {[%clk 1:26:41]} 10. Nfd5 {[%clk 1:26:47]} Ne7
{[%clk 1:24:40]} 11. Nxf6+ {[%clk 1:25:05]} Rxf6 {[%clk 1:24:48]} 12. Re1
{[%clk 1:24:25]} c6 {[%clk 1:22:50]} 13. Bf1 {[%clk 1:23:41]} d5 {[%clk 1:18:48]}
14. cxd5 {[%clk 1:23:36]} Nxd5 {[%clk 1:18:59]} 15. Bc4 {[%clk 1:23:51]} Be6
{[%clk 1:18:58]} 16. Qb3 {[%clk 1:24:02]} b5 {[%clk 1:17:07]} 17. Bxd5
{[%clk 1:24:10]} Bxd5 {[%clk 1:17:33]} 18. Nxd5 {[%clk 1:24:24]} Qxd5
{[%clk 1:17:50]} 19. Bd2 {[%clk 1:24:18]} Kh8 {[%clk 1:17:06]} 20. Rec1
{[%clk 1:24:04]} Qd7 {[%clk 1:16:45]} 21. Rc2 {[%clk 1:23:03]} Rc8
{[%clk 1:13:41]} 22. Rac1 {[%clk 1:22:45]} a6 {[%clk 1:13:44]} 23. a4
{[%clk 1:19:44]} Rd6 {[%clk 1:07:46]} 24. Bb4 {[%clk 1:17:56]} Rf6
{[%clk 1:06:06]} 25. axb5 {[%clk 1:16:28]} axb5 {[%clk 1:06:30]} 26. Ba3
{[%clk 1:14:16]} Rb8 {[%clk 1:05:08]} 27. d5 {[%clk 1:11:17]} Rb6
{[%clk 1:02:42]} 28. Bc5 {[%clk 1:09:29]} Ra6 {[%clk 1:02:33]} 29. Bd4
{[%clk 1:09:49]} Rd6 {[%clk 1:01:58]} 30. Bxg7+ {[%clk 1:08:29]} Kxg7
{[%clk 1:02:23]} 31. Qc3+ {[%clk 1:08:44]} Kg8 {[%clk 1:02:16]} 32. dxc6
{[%clk 1:09:01]} Raxc6 {[%clk 0:55:09]} 33. Qxc6 {[%clk 1:07:56]} Rxc6
{[%clk 0:55:34]} 34. Rxc6 {[%clk 1:08:19]} Qd2 {[%clk 0:55:41]} 35. R6c2
{[%clk 1:08:32]} Qb4 {[%clk 0:54:45]} 36. Kg2 {[%clk 1:08:21]} h5
{[%clk 0:54:32]} 37. Ra1 {[%clk 1:06:17]} Kf7 {[%clk 0:50:02]} 38. Rc6
{[%clk 1:06:38]} Qe7 {[%clk 0:46:19]} 39. Raa6 {[%clk 1:06:52]} f4
{[%clk 0:45:59]} 40. gxf4 {[%clk 1:04:56]} gxf4 {[%clk 0:45:59]} 41. exf4
{[%clk 1:05:18]} Qd7 {[%clk 0:44:13]} 42. h3 {[%clk 1:04:54]} e3 {[%clk 0:44:21]}
43. Rf6+ {[%clk 1:04:12]} Kg7 {[%clk 0:44:16]} 44. Rg6+ {[%clk 1:04:36]} Kh7
{[%clk 0:44:10]} 45. Rh6+ {[%clk 1:04:57]} Kg8 {[%clk 0:43:59]} 46. Rag6+
{[%clk 1:05:16]} 1-0

[Event "I mi?dzynarodowy turniej szachowy"]
[Site "Jastrzebie-Zdroj"]
[Date "2018.08.19"]
[Round "3.1"]
[White "Molenda, Marcin"]
[Black "Durica, Adam"]
[Result "1/2-1/2"]
[BlackElo "2040"]
[WhiteElo "2379"]
[LiveChessVersion "1.4.8"]

1. d4 {[%clk 1:30:58]} Nf6 {[%clk 1:30:48]} 2. c4 {[%clk 1:31:16]} g6
{[%clk 1:31:04]} 3. g3 {[%clk 1:31:38]} Bg7 {[%clk 1:31:24]} 4. Bg2
{[%clk 1:32:03]} d5 {[%clk 1:31:44]} 5. cxd5 {[%clk 1:32:26]} Nxd5
{[%clk 1:32:05]} 6. Nf3 {[%clk 1:32:52]} O-O {[%clk 1:31:41]} 7. O-O
{[%clk 1:33:17]} Nc6 {[%clk 1:30:11]} 8. Nc3 {[%clk 1:31:48]} Nxc3
{[%clk 1:28:43]} 9. bxc3 {[%clk 1:32:13]} e5 {[%clk 1:28:54]} 10. d5
{[%clk 1:31:06]} Na5 {[%clk 1:25:11]} 11. e4 {[%clk 1:30:08]} c6 {[%clk 1:24:03]}
12. Ba3 {[%clk 1:23:46]} Re8 {[%clk 1:24:18]} 13. Nd2 {[%clk 1:24:10]} b5
{[%clk 1:22:01]} 14. Bb4 {[%clk 1:19:38]} Bh6 {[%clk 1:11:11]} 15. Qe2
{[%clk 1:00:08]} Bxd2 {[%clk 1:00:39]} 16. Qxd2 {[%clk 1:00:29]} Nc4
{[%clk 1:01:01]} 17. Qh6 {[%clk 0:56:59]} Qb6 {[%clk 0:58:35]} 18. a4
{[%clk 0:52:12]} c5 {[%clk 0:57:31]} 19. Ba3 {[%clk 0:51:00]} bxa4
{[%clk 0:57:53]} 20. Rfb1 {[%clk 0:46:19]} Qa5 {[%clk 0:55:58]} 21. Bc1
{[%clk 0:46:42]} f6 {[%clk 0:56:18]} 22. Qh4 {[%clk 0:39:08]} Rf8
{[%clk 0:55:25]} 23. Bf1 {[%clk 0:39:35]} Nd6 {[%clk 0:55:32]} 24. Bh6
{[%clk 0:39:36]} Rf7 {[%clk 0:55:48]} 25. Ra3 {[%clk 0:37:48]} Bd7
{[%clk 0:54:32]} 26. c4 {[%clk 0:32:33]} Re8 {[%clk 0:53:43]} 27. Bd3
{[%clk 0:32:42]} f5 {[%clk 0:53:28]} 28. exf5 {[%clk 0:31:27]} Bxf5
{[%clk 0:53:38]} 29. f3 {[%clk 0:20:04]} Bxd3 {[%clk 0:45:10]} 30. Rxd3
{[%clk 0:20:33]} a3 {[%clk 0:45:29]} 31. Ra1 {[%clk 0:20:05]} a2 {[%clk 0:45:22]}
32. Rd2 {[%clk 0:19:45]} Qc3 {[%clk 0:44:24]} 33. Raxa2 {[%clk 0:18:00]} Qxf3
{[%clk 0:44:39]} 34. Rf2 {[%clk 0:18:02]} Qd1+ {[%clk 0:44:57]} 35. Kg2
{[%clk 0:18:31]} Nf5 {[%clk 0:42:35]} 36. Qg5 {[%clk 0:18:52]} Qd4
{[%clk 0:40:20]} 37. Rad2 {[%clk 0:15:59]} Qe4+ {[%clk 0:38:18]} 38. Kg1
{[%clk 0:15:36]} Nxh6 {[%clk 0:37:54]} 39. Qxh6 {[%clk 0:16:02]} Rxf2
{[%clk 0:37:47]} 40. Rxf2 {[%clk 0:15:44]} Qxc4 {[%clk 0:38:06]} 41. Rd2
{[%clk 0:10:07]} Qc1+ {[%clk 0:38:25]} 42. Kg2 {[%clk 0:07:46]} Rf8
{[%clk 0:38:09]} 43. h4 {[%clk 0:08:05]} Qf1+ {[%clk 0:36:00]} 44. Kh2
{[%clk 0:08:34]} Rf2+ {[%clk 0:35:49]} 45. Rxf2 {[%clk 0:09:03]} Qxf2+
{[%clk 0:36:11]} 46. Kh3 {[%clk 0:09:30]} Qf5+ {[%clk 0:36:25]} 47. Kh2
{[%clk 0:09:52]} e4 {[%clk 0:36:18]} 48. Qd2 {[%clk 0:10:10]} Kf8
{[%clk 0:35:36]} 49. d6 {[%clk 0:09:25]} Ke8 {[%clk 0:35:54]} 50. Qb2
{[%clk 0:09:27]} Kd7 {[%clk 0:35:42]} 51. Qb8 {[%clk 0:09:50]} 1/2-1/2

[Event "I mi?dzynarodowy turniej szachowy"]
[Site "Jastrzebie-Zdroj"]
[Date "2018.08.19"]
[Round "3.2"]
[White "Poley, Vladimir"]
[Black "Cudnik, Andrzej"]
[Result "1-0"]
[BlackElo "2013"]
[WhiteElo "2257"]
[LiveChessVersion "1.4.8"]

1. Nf3 {[%clk 1:30:55]} c5 {[%clk 1:30:50]} 2. b3 {[%clk 1:31:09]} d6
{[%clk 1:29:09]} 3. Bb2 {[%clk 1:31:10]} Nf6 {[%clk 1:28:32]} 4. e3
{[%clk 1:29:51]} a6 {[%clk 1:25:46]} 5. c4 {[%clk 1:29:52]} g6 {[%clk 1:24:46]}
6. Be2 {[%clk 1:22:58]} Bg7 {[%clk 1:24:43]} 7. O-O {[%clk 1:23:22]} O-O
{[%clk 1:24:51]} 8. Nc3 {[%clk 1:15:51]} Nbd7 {[%clk 1:13:48]} 9. Qc2
{[%clk 1:14:57]} b6 {[%clk 1:12:45]} 10. Rad1 {[%clk 1:15:16]} Bb7
{[%clk 1:12:46]} 11. d4 {[%clk 1:15:20]} cxd4 {[%clk 1:11:32]} 12. exd4
{[%clk 1:15:10]} d5 {[%clk 1:10:34]} 13. Rfe1 {[%clk 1:03:40]} e6
{[%clk 1:09:21]} 14. c5 {[%clk 1:02:14]} Rc8 {[%clk 1:04:39]} 15. b4
{[%clk 1:02:09]} Ne4 {[%clk 1:00:34]} 16. Nxe4 {[%clk 1:00:19]} dxe4
{[%clk 1:00:35]} 17. Nd2 {[%clk 1:00:27]} f5 {[%clk 0:56:45]} 18. Nc4
{[%clk 0:57:34]} Qe7 {[%clk 0:42:48]} 19. Qd2 {[%clk 0:47:09]} Bd5
{[%clk 0:40:36]} 20. Ne3 {[%clk 0:42:57]} b5 {[%clk 0:34:56]} 21. a4
{[%clk 0:37:00]} Rb8 {[%clk 0:29:33]} 22. axb5 {[%clk 0:37:16]} axb5
{[%clk 0:29:59]} 23. Nxd5 {[%clk 0:36:34]} exd5 {[%clk 0:30:19]} 24. Ra1
{[%clk 0:36:14]} f4 {[%clk 0:29:55]} 25. Ra5 {[%clk 0:31:29]} Qh4
{[%clk 0:24:48]} 26. Rxb5 {[%clk 0:30:38]} Bh6 {[%clk 0:21:32]} 27. Rxb8
{[%clk 0:28:34]} Rxb8 {[%clk 0:19:48]} 28. Qc3 {[%clk 0:16:29]} f3
{[%clk 0:10:35]} 29. Bxf3 {[%clk 0:16:34]} exf3 {[%clk 0:08:05]} 30. Qxf3
{[%clk 0:16:58]} Rf8 {[%clk 0:05:53]} 31. Qxd5+ {[%clk 0:17:16]} Rf7
{[%clk 0:03:31]} 32. g3 {[%clk 0:17:25]} Qf6 {[%clk 0:02:53]} 33. Re2
{[%clk 0:12:07]} Be3 {[%clk 0:03:17]} 34. Kg2 {[%clk 0:09:53]} Bxf2
{[%clk 0:02:23]} 35. Re6 {[%clk 0:09:59]} Qg7 {[%clk 0:01:17]} 36. Re7
{[%clk 0:09:48]} 1-0

[Event "I mi?dzynarodowy turniej szachowy"]
[Site "Jastrzebie-Zdroj"]
[Date "2018.08.19"]
[Round "3.3"]
[White "Sieber, Martin"]
[Black "Czerw, Dawid"]
[Result "0-1"]
[BlackElo "2254"]
[WhiteElo "2110"]
[LiveChessVersion "1.4.8"]

1. d4 {[%clk 1:30:57]} e6 {[%clk 1:30:53]} 2. Bf4 {[%clk 1:31:09]} f5
{[%clk 1:30:41]} 3. Nf3 {[%clk 1:31:09]} Nf6 {[%clk 1:30:55]} 4. h3
{[%clk 1:31:35]} Be7 {[%clk 1:30:23]} 5. e3 {[%clk 1:29:56]} O-O {[%clk 1:29:08]}
6. c4 {[%clk 1:29:53]} d6 {[%clk 1:27:03]} 7. Nc3 {[%clk 1:29:16]} Ne4
{[%clk 1:22:30]} 8. Nxe4 {[%clk 1:22:03]} fxe4 {[%clk 1:22:28]} 9. Nd2
{[%clk 1:22:29]} d5 {[%clk 1:19:23]} 10. Be2 {[%clk 1:21:27]} Nc6
{[%clk 1:11:04]} 11. a3 {[%clk 1:16:39]} Nxd4 {[%clk 1:05:50]} 12. Bxc7
{[%clk 1:14:44]} Qxc7 {[%clk 1:04:47]} 13. exd4 {[%clk 1:15:10]} Qf4
{[%clk 0:51:22]} 14. O-O {[%clk 1:13:51]} Bd6 {[%clk 0:44:09]} 15. g3
{[%clk 1:13:14]} Qf6 {[%clk 0:41:54]} 16. Nb3 {[%clk 1:11:30]} Bd7
{[%clk 0:37:05]} 17. Nc5 {[%clk 1:09:20]} Bc6 {[%clk 0:34:16]} 18. b4
{[%clk 0:56:01]} b6 {[%clk 0:32:35]} 19. Na6 {[%clk 0:50:40]} dxc4
{[%clk 0:30:58]} 20. Bxc4 {[%clk 0:50:41]} Bd5 {[%clk 0:30:24]} 21. Rc1
{[%clk 0:46:11]} Rac8 {[%clk 0:25:16]} 22. Bxd5 {[%clk 0:34:29]} exd5
{[%clk 0:25:40]} 23. Rxc8 {[%clk 0:34:08]} Rxc8 {[%clk 0:26:06]} 24. Qd2
{[%clk 0:16:41]} Qf5 {[%clk 0:25:32]} 25. Rc1 {[%clk 0:13:13]} Rf8
{[%clk 0:19:06]} 26. h4 {[%clk 0:09:40]} h6 {[%clk 0:17:08]} 27. Nc7
{[%clk 0:06:04]} Qd7 {[%clk 0:16:43]} 28. Nxd5 {[%clk 0:03:58]} Bxg3
{[%clk 0:16:14]} 29. fxg3 {[%clk 0:04:21]} Qxd5 {[%clk 0:16:36]} 30. Rc3
{[%clk 0:01:01]} Rf7 {[%clk 0:10:47]} 31. Re3 {[%clk 0:01:01]} Rd7
{[%clk 0:08:53]} 32. Kf2 {[%clk 0:01:18]} Rc7 {[%clk 0:04:30]} 33. Rc3
{[%clk 0:01:16]} Rf7+ {[%clk 0:04:17]} 34. Kg1 {[%clk 0:01:31]} Rd7
{[%clk 0:03:46]} 35. Kf2 {[%clk 0:01:48]} Rf7+ {[%clk 0:03:54]} 36. Kg1
{[%clk 0:02:17]} Qf5 {[%clk 0:03:48]} 37. Qe2 {[%clk 0:02:26]} Rd7
{[%clk 0:03:09]} 38. Qf2 {[%clk 0:02:55]} Qd5 {[%clk 0:02:48]} 39. Rc8+
{[%clk 0:02:27]} Kh7 {[%clk 0:03:13]} 40. Rc3 {[%clk 0:02:54]} Rf7
{[%clk 0:01:59]} 41. Qd2 {[%clk 0:03:14]} Qf5 {[%clk 0:02:11]} 42. Qe2
{[%clk 0:03:36]} Rd7 {[%clk 0:01:57]} 43. Qf2 {[%clk 0:03:35]} Qg4
{[%clk 0:01:54]} 44. Rc1 {[%clk 0:01:54]} Rd5 {[%clk 0:01:46]} 45. Qe3
{[%clk 0:01:42]} Rh5 {[%clk 0:01:14]} 46. Kh2 {[%clk 0:01:09]} Rf5
{[%clk 0:01:05]} 47. Re1 {[%clk 0:01:21]} Kh8 {[%clk 0:01:10]} 48. Qe2
{[%clk 0:00:42]} Rf3 {[%clk 0:01:19]} 49. Rg1 {[%clk 0:01:10]} Qf5
{[%clk 0:01:02]} 50. Rg2 {[%clk 0:01:34]} Rxa3 {[%clk 0:00:56]} 51. Qc2
{[%clk 0:00:51]} Rf3 {[%clk 0:00:51]} 52. Qc7 {[%clk 0:01:10]} Qf7
{[%clk 0:00:52]} 53. Qe5 {[%clk 0:01:05]} e3 {[%clk 0:00:52]} 54. d5
{[%clk 0:01:34]} Rf5 {[%clk 0:00:57]} 55. Qxe3 {[%clk 0:02:01]} Qxd5
{[%clk 0:00:55]} 56. Rc2 {[%clk 0:02:23]} Qd7 {[%clk 0:01:04]} 57. Rf2
{[%clk 0:01:10]} Rxf2+ {[%clk 0:01:00]} 58. Qxf2 {[%clk 0:01:39]} Qd3
{[%clk 0:00:46]} 59. Qf4 {[%clk 0:02:00]} Kh7 {[%clk 0:01:01]} 60. Kh1
{[%clk 0:01:52]} Qd5+ {[%clk 0:00:59]} 61. Kh2 {[%clk 0:02:15]} Qd3
{[%clk 0:00:52]} 62. g4 {[%clk 0:02:30]} a5 {[%clk 0:00:58]} 63. bxa5
{[%clk 0:02:56]} Qc2+ {[%clk 0:01:12]} 64. Kg1 {[%clk 0:02:51]} bxa5
{[%clk 0:01:18]} 65. g5 {[%clk 0:03:13]} hxg5 {[%clk 0:01:11]} 66. hxg5
{[%clk 0:03:41]} Qc5+ {[%clk 0:01:34]} 67. Kg2 {[%clk 0:03:42]} Kg6
{[%clk 0:01:49]} 68. Qe4+ {[%clk 0:03:55]} Kxg5 {[%clk 0:01:41]} 69. Kg3
{[%clk 0:04:13]} Qf5 {[%clk 0:01:25]} 70. Qe7+ {[%clk 0:04:37]} Kh6
{[%clk 0:01:42]} 71. Qh4+ {[%clk 0:04:12]} Qh5 {[%clk 0:01:50]} 72. Qa4
{[%clk 0:04:41]} Qg5+ {[%clk 0:01:56]} 73. Kf3 {[%clk 0:05:09]} Qf5+
{[%clk 0:02:01]} 74. Kg3 {[%clk 0:05:39]} Qe5+ {[%clk 0:02:19]} 75. Kf3
{[%clk 0:06:07]} g5 {[%clk 0:02:08]} 76. Qc6+ {[%clk 0:06:24]} Kh5
{[%clk 0:02:27]} 77. Qb7 {[%clk 0:06:27]} Qf5+ {[%clk 0:02:07]} 78. Kg3
{[%clk 0:06:37]} Qf4+ {[%clk 0:01:44]} 79. Kg2 {[%clk 0:06:42]} Qg4+
{[%clk 0:01:38]} 80. Kh2 {[%clk 0:06:54]} Qe2+ {[%clk 0:01:41]} 81. Kg3
{[%clk 0:07:20]} Qe3+ {[%clk 0:02:04]} 82. Kg2 {[%clk 0:07:37]} Qd2+
{[%clk 0:02:11]} 83. Kg3 {[%clk 0:07:44]} Qd3+ {[%clk 0:02:32]} 84. Kf2
{[%clk 0:07:49]} Kg4 {[%clk 0:01:44]} 85. Qg2+ {[%clk 0:07:48]} Kf5
{[%clk 0:01:58]} 86. Kg1 {[%clk 0:07:00]} Qd1+ {[%clk 0:02:05]} 87. Kh2
{[%clk 0:07:20]} Qh5+ {[%clk 0:02:29]} 0-1